| 000 | 00352nam a2200121Ia 4500 | ||
|---|---|---|---|
| 008 | 230907s9999||||xx |||||||||||||| ||und|| | ||
| 082 | _a621.4832,ZOH | ||
| 100 | _aZohuri, Bahman. | ||
| 245 | 0 | _aCombined cycle driven efficiency for next generation nuclear power plants: | |
| 260 |
_aSpringer _bNew York _c2015 |
||
| 300 | _axxiii,359 p.; | ||
| 942 | _cBK | ||
| 999 |
_c597653 _d597653 |
||